00770cam a22002293a 45000010005000000030006000050050017000110080041000280400015000690420007000840500007000911000023000982450128001212600029002495060030002785160020003086530042003286530055003707000046004258300028004718560041004999610PGUSA20140828083214.0060101s2006||||xxu|||||s|||||000 p eng d aPGUSAbeng adc 4aPA1 aTibullus,d-54--1914aThe Elegies of Tibullus :bBeing the Consolations of a Roman Lover Done in English Verseh[electronic resource] /cTibullus bProject Gutenberg,c2006 aPublic domain in the USA. aElectronic text aTibullus -- Translations into English aElegiac poetry, Latin -- Translations into English1 aWilliams, Theodore Chickering,d1855-1915 0aProject Gutenbergv961040uhttp://www.gutenberg.org/ebooks/9610